[Event "Bodensee op"]
[Site "Bregenz"]
[Date "2019.05.30"]
[Round "6"]
[White "Kolbus, Dietmar"]
[Black "Sydow, Hardy"]
[Result "1-0"]
[WhiteElo "2278"]
[BlackElo "2111"]
[PlyCount "59"]
[EventDate "2019.05.25"]
[EventType "swiss"]
[EventRounds "9"]
[EventCountry "AUT"]
[SourceTitle "CBM 190 Extra"]
[Source "ChessBase"]
[SourceDate "2019.07.15"]
[SourceVersion "1"]
[SourceVersionDate "2019.07.15"]
[SourceQuality "1"]

1. c4 Nf6 2. Nc3 d5 3. cxd5 Nxd5 4. Nf3 c6 5. d4 Nxc3 6. bxc3 Bf5 7. e3 e6 8. Bd3 Bxd3 9. Qxd3 Be7 10. Rb1 Nd7 11. 0-0 Qc7 12. e4 0-0 13. c4 c5 14. d5 exd5 15. exd5 Bf6 16. Bd2 Rfe8 17. Qb3 b6 18. Rfe1 Ne5 19. Bf4 Nxf3+ 20. Qxf3 Qd7 21. Qd3 Qg4 22. g3 g5 23. Bc7 b5 24. cxb5 c4 25. Qc2 h5 26. h3 Qxh3 27. Qxc4 h4 28. Qc6 Rxe1+ 29. Rxe1 Kf8 30. Qxf6 1-0

[Event "Bodensee op"]
[Site "Bregenz"]
[Date "2017.05.27"]
[Round "8"]
[White "Cunningham, Robin J"]
[Black "Sydow, Hardy"]
[Result "1-0"]
[WhiteElo "2255"]
[BlackElo "2117"]
[PlyCount "65"]
[EventDate "2017.05.20"]
[EventType "swiss"]
[EventRounds "9"]
[EventCountry "AUT"]
[SourceTitle "CBM 178 Extra"]
[Source "ChessBase"]
[SourceDate "2017.06.22"]
[SourceVersion "1"]
[SourceVersionDate "2017.06.22"]
[SourceQuality "1"]

1. c4 Nf6 2. g3 c6 3. Bg2 d5 4. Nf3 dxc4 5. a4 Bf5 6. Na3 e6 7. Nxc4 Nbd7 8. 0-0 Be7 9. d3 0-0 10. a5 a6 11. Bd2 Bg4 12. Qb3 Nc5 13. Qc2 Ncd7 14. Rfe1 Bxf3 15. Bxf3 e5 16. Bc3 Qc7 17. d4 exd4 18. Bxd4 Rad8 19. Red1 Rfe8 20. Bc3 Bf8 21. Rd2 Nd5 22. Bxd5 cxd5 23. Ne3 Nf6 24. Ra4 Rxe3 25. Bxf6 Rxg3+ 26. hxg3 Qxc2 27. Rxc2 gxf6 28. Rd4 Kg7 29. Rc7 Rb8 30. Rg4+ Kh6 31. Rxf7 Bc5 32. Rxf6+ Kh5 33. Rgf4 1-0

[Event "Prague op-A 09th"]
[Site "Prague"]
[Date "2010.01.08"]
[Round "1"]
[White "Sydow, Hardy"]
[Black "Vokac, Marek"]
[Result "1/2-1/2"]
[WhiteElo "2137"]
[BlackElo "2479"]
[PlyCount "82"]
[EventDate "2010.01.08"]
[EventType "swiss"]
[EventRounds "9"]
[EventCountry "CZE"]
[SourceTitle "CBM 134 Extra"]
[Source "ChessBase"]
[SourceDate "2010.03.03"]
[SourceVersion "1"]
[SourceVersionDate "2010.03.03"]
[SourceQuality "1"]

1. e4 g6 2. d4 Bg7 3. Nf3 c6 4. Nc3 d5 5. e5 Bg4 6. h3 Bxf3 7. Qxf3 e6 8. Bf4 Nd7 9. a3 Ne7 10. Bd3 a6 11. b4 a5 12. 0-0 0-0 13. Ne2 Nf5 14. Bxf5 exf5 15. Rab1 axb4 16. axb4 b5 17. Qe3 Re8 18. Bh6 Bxh6 19. Qxh6 f6 20. f4 Ra2 21. Rfc1 Qe7 22. Rb3 Nb6 23. g4 fxg4 24. hxg4 fxe5 25. dxe5 Nc4 26. Rh3 Qa7+ 27. Kh1 Ne3 28. Qg5 Rxc2 29. f5 Rxc1+ 30. Nxc1 Nd1 31. Nd3 Rf8 32. Qd2 Qa1 33. Kg2 Nc3 34. Nf2 Ne4 35. Nxe4 dxe4 36. Qd7 Qb2+ 37. Kh1 Qb1+ 38. Kg2 Qa2+ 39. Kh1 Qb1+ 40. Kg2 Qc2+ 41. Kh1 Qb1+ 1/2-1/2

[Event "Oberliga Nord O 0910"]
[Site "Germany"]
[Date "2009.11.29"]
[Round "3.6"]
[White "Sydow, Hardy"]
[Black "Postler, Reinhard"]
[Result "1-0"]
[WhiteElo "2137"]
[BlackElo "2319"]
[PlyCount "93"]
[EventDate "2009.10.18"]
[EventType "team-tourn"]
[EventRounds "9"]
[EventCountry "GER"]
[SourceTitle "EXT 2011"]
[Source "ChessBase"]
[SourceDate "2010.11.26"]
[SourceVersion "1"]
[SourceVersionDate "2010.11.26"]
[SourceQuality "1"]
[WhiteTeam "Eberswalde"]
[BlackTeam "Oberschoeneweide"]
[WhiteTeamCountry "GER"]
[BlackTeamCountry "GER"]

1. e4 c5 2. c3 Nf6 3. e5 Nd5 4. d4 cxd4 5. cxd4 d6 6. Nf3 Nc6 7. exd6 Qxd6 8. Nc3 e6 9. Bd3 Be7 10. 0-0 Nf6 11. Nb5 Qd8 12. Bf4 Nd5 13. Bg3 0-0 14. Ne5 Bd7 15. Nc3 Nxc3 16. bxc3 Nxe5 17. Bxe5 Bc6 18. Qg4 Bf6 19. Rae1 Bxe5 20. Rxe5 Rc8 21. c4 Rc7 22. d5 exd5 23. Bxh7+ Kxh7 24. Rh5+ Kg8 25. Qh3 g6 26. Rh8+ Kg7 27. Qh6+ Kf6 28. Rxf8 Qd6 29. Qh8+ Kg5 30. c5 Qf4 31. h4+ Kg4 32. h5 g5 33. Qc3 Kxh5 34. Qh8+ Kg6 35. Qg8+ Kf6 36. Qh8+ Kg6 37. Rg8+ Kf5 38. Qh3+ Kf6 39. Qh8+ Kf5 40. Qh7+ Kf6 41. Qh6+ Kf5 42. Re1 Rd7 43. Qh7+ Kf6 44. Qh8+ Kf5 45. g3 Qd2 46. Re5+ Kg4 47. Qh4+ 1-0

[Event "Bad Woerishofen op 24th"]
[Site "Bad Woerishofen"]
[Date "2008.03.05"]
[Round "7"]
[White "Urban, Rudolf"]
[Black "Sydow, Hardy"]
[Result "1/2-1/2"]
[WhiteElo "1985"]
[BlackElo "2145"]
[PlyCount "59"]
[EventDate "2008.02.28"]
[EventType "swiss"]
[EventRounds "9"]
[EventCountry "GER"]
[SourceTitle "CBM 123 Extra"]
[Source "ChessBase"]
[SourceDate "2008.05.06"]
[SourceVersion "1"]
[SourceVersionDate "2008.05.06"]
[SourceQuality "1"]

1. d4 Nf6 2. Nf3 g6 3. c4 Bg7 4. Nc3 d5 5. e3 0-0 6. h3 b6 7. Be2 Bb7 8. 0-0 e6 9. b3 Ne4 10. Bd2 Nxd2 11. Qxd2 Nd7 12. cxd5 exd5 13. Rac1 c6 14. Bd3 f5 15. Qe2 a5 16. g3 Re8 17. Qc2 Nf8 18. Ne2 Qd6 19. Nf4 Rec8 20. Be2 Nd7 21. Rfd1 Rf8 22. Nd3 Rae8 23. Bf1 h6 24. Bg2 Bf6 25. Nf4 Bg7 26. h4 Qf6 27. h5 gxh5 28. Nxh5 Qf7 29. Nxg7 Qxg7 30. Nh4 1/2-1/2

[Event "Oberliga Nord O 0708"]
[Site "Germany"]
[Date "2008.02.10"]
[Round "6.4"]
[White "Kalhorn, Stefan"]
[Black "Sydow, Hardy"]
[Result "1-0"]
[WhiteElo "2180"]
[BlackElo "2145"]
[PlyCount "133"]
[EventDate "2007.10.21"]
[EventType "team-tourn"]
[EventRounds "9"]
[EventCountry "GER"]
[SourceTitle "EXT 2009"]
[Source "ChessBase"]
[SourceDate "2008.11.26"]
[SourceVersion "1"]
[SourceVersionDate "2008.11.26"]
[SourceQuality "1"]
[WhiteTeam "Greifswald"]
[BlackTeam "Eberswalde"]
[WhiteTeamCountry "GER"]
[BlackTeamCountry "GER"]

1. d4 Nf6 2. c4 g6 3. Nc3 d5 4. Nf3 Bg7 5. Bg5 Ne4 6. cxd5 Nxc3 7. bxc3 Qxd5 8. e3 Bg4 9. Be2 Nd7 10. Bh4 Nf6 11. 0-0 0-0 12. h3 Bf5 13. Qb3 Qxb3 14. axb3 Rfe8 15. g4 Bc8 16. Nd2 h5 17. Bxf6 Bxf6 18. Ne4 hxg4 19. hxg4 Bg7 20. f4 e6 21. g5 Kf8 22. Kf2 Ke7 23. Rh1 Bd7 24. Rh7 Rg8 25. b4 Bc6 26. Bd3 b6 27. b5 Bb7 28. Ra3 c6 29. c4 a6 30. bxa6 Rxa6 31. Rxa6 Bxa6 32. Ke2 Bb7 33. c5 bxc5 34. dxc5 Bc8 35. Nd6 Bd7 36. e4 Be8 37. e5 Bd7 38. Ne4 Kf8 39. Nd6 Rh8 40. Rxh8+ Bxh8 41. Kd2 Ke7 42. Kc3 Bg7 43. Kb4 f6 44. gxf6+ Bxf6 45. exf6+ Kxf6 46. Kc3 e5 47. fxe5+ Kxe5 48. Bxg6 Bh3 49. Kb4 Kd4 50. Be4 Bd7 51. Bg2 Ke5 52. Ka5 Kf6 53. Kb6 Ke7 54. Kc7 Bg4 55. Bxc6 Bd1 56. Bd7 Bf3 57. Nc8+ Kf6 58. Kd6 Bb7 59. Nb6 Kf7 60. Kc7 Bf3 61. Bc6 Be2 62. Bd5+ Kf6 63. Nc4 Bd1 64. Kd6 Ba4 65. Bc6 Bd1 66. Ne3 Be2 67. Bd7 1-0

[Event "Oberliga Nord O 0708"]
[Site "Germany"]
[Date "2008.01.20"]
[Round "5.5"]
[White "Baumbach, Friedrich"]
[Black "Sydow, Hardy"]
[Result "1-0"]
[WhiteElo "2291"]
[BlackElo "2145"]
[PlyCount "89"]
[EventDate "2007.10.21"]
[EventType "team-tourn"]
[EventRounds "9"]
[EventCountry "GER"]
[SourceTitle "EXT 2009"]
[Source "ChessBase"]
[SourceDate "2008.11.26"]
[SourceVersion "1"]
[SourceVersionDate "2008.11.26"]
[SourceQuality "1"]
[WhiteTeam "Friesen Lichtenberg"]
[BlackTeam "Eberswalde"]
[WhiteTeamCountry "GER"]
[BlackTeamCountry "GER"]

1. Nf3 d5 2. d4 Nf6 3. c4 e6 4. Nc3 Be7 5. Bg5 0-0 6. e3 Nbd7 7. Qc2 c6 8. Rd1 Re8 9. a3 dxc4 10. Bxc4 Nd5 11. Bxe7 Qxe7 12. 0-0 Nxc3 13. Qxc3 b6 14. e4 Bb7 15. Rfe1 Rac8 16. b4 Nf6 17. Qb3 Qc7 18. e5 Nd5 19. Ng5 Rcd8 20. Qd3 g6 21. Qh3 h5 22. Ne4 Kg7 23. Qf3 Qe7 24. Rc1 Rf8 25. Rc2 Rd7 26. Rec1 Rdd8 27. h3 Rd7 28. Bb3 Ba8 29. Ba4 b5 30. Bb3 Nb6 31. Qe3 Rfd8 32. Rd2 Nd5 33. Bxd5 exd5 34. Nf6 Rc7 35. Qg5 Rh8 36. Rd3 Bb7 37. Rdc3 Qd8 38. Nxh5+ Kh7 39. Nf6+ Kg7 40. h4 Ba8 41. h5 Rh6 42. Rh3 Qh8 43. Rcc3 Bb7 44. hxg6 fxg6 45. Ne8+ 1-0

[Event "Oberliga Nord O 0708"]
[Site "Germany"]
[Date "2007.11.04"]
[Round "2.4"]
[White "Thormann, Wolfgang"]
[Black "Sydow, Hardy"]
[Result "0-1"]
[WhiteElo "2270"]
[BlackElo "2161"]
[PlyCount "90"]
[EventDate "2007.10.21"]
[EventType "team-tourn"]
[EventRounds "9"]
[EventCountry "GER"]
[SourceTitle "EXT 2009"]
[Source "ChessBase"]
[SourceDate "2008.11.26"]
[SourceVersion "1"]
[SourceVersionDate "2008.11.26"]
[SourceQuality "1"]
[WhiteTeam "Oberschoeneweide"]
[BlackTeam "Eberswalde"]
[WhiteTeamCountry "GER"]
[BlackTeamCountry "GER"]

1. e4 e5 2. Nf3 Nc6 3. Bc4 Nf6 4. d4 exd4 5. e5 d5 6. Bb5 Ne4 7. Nxd4 Bd7 8. Bxc6 bxc6 9. 0-0 Be7 10. f3 Nc5 11. f4 0-0 12. f5 Ne4 13. Nd2 Nxd2 14. Qxd2 f6 15. e6 Be8 16. Qf2 c5 17. Ne2 Bb5 18. Rd1 Bxe2 19. Qxe2 c6 20. Rd3 Bd6 21. Rh3 Qe8 22. Qg4 g5 23. Rh6 Kh8 24. Be3 Rb8 25. b3 Rb4 26. c4 d4 27. Bxg5 fxg5 28. f6 Rb7 29. Rf1 Rbf7 30. Qf5 Bf4 31. Rf3 Be3+ 32. Kf1 g4 33. exf7 Rxf7 34. Rxe3 dxe3 35. Ke2 Qd8 36. Qd3 Qf8 37. Qg6 Qd8 38. Kxe3 Qd4+ 39. Ke2 Qb2+ 40. Ke3 Qd4+ 41. Ke2 Qb2+ 42. Ke1 Qe5+ 43. Kf2 Rd7 44. Rxh7+ Rxh7 45. f7 Qf4+ 0-1

[Event "Friedrichroda op 11th"]
[Site "Friedrichroda"]
[Date "2007.08.09"]
[Round "3"]
[White "Sydow, Hardy"]
[Black "Pinternagel, Eike"]
[Result "1-0"]
[WhiteElo "2161"]
[BlackElo "1893"]
[PlyCount "29"]
[EventDate "2007.08.08"]
[EventType "swiss"]
[EventRounds "7"]
[EventCountry "GER"]
[SourceTitle "CBM 120 Extra"]
[Source "ChessBase"]
[SourceDate "2007.11.01"]
[SourceVersion "1"]
[SourceVersionDate "2007.11.01"]
[SourceQuality "1"]

1. e4 e5 2. Nf3 d6 3. d4 Nf6 4. Nc3 Nbd7 5. Be2 Be7 6. 0-0 0-0 7. h3 c6 8. a4 Qc7 9. Be3 a5 10. d5 Nb8 11. Nd2 cxd5 12. exd5 Na6 13. Nc4 Nd7 14. Nb5 Qb8 15. Nxa5 1-0

[Event "Schwarzburg op"]
[Site "Schwarzburg"]
[Date "2005.09.07"]
[Round "1"]
[White "Sydow, Hardy"]
[Black "Kaschuba, Juergen"]
[Result "1-0"]
[WhiteElo "2137"]
[BlackElo "1787"]
[PlyCount "69"]
[EventDate "2005.09.07"]
[EventType "swiss"]
[EventRounds "7"]
[EventCountry "GER"]
[SourceTitle "CBM 108 Extra"]
[Source "ChessBase"]
[SourceDate "2005.11.04"]
[SourceVersion "1"]
[SourceVersionDate "2005.11.04"]
[SourceQuality "1"]

1. e4 e6 2. d4 d5 3. Nc3 c5 4. exd5 exd5 5. Nf3 Nf6 6. Be2 c4 7. 0-0 Be7 8. Ne5 Be6 9. f4 Qc8 10. Bf3 Nc6 11. Be3 h5 12. Kh1 Nxe5 13. dxe5 Ng4 14. Bd4 Bh4 15. Bg1 0-0 16. Bxd5 Rd8 17. Bxe6 Qxe6 18. Qe2 g6 19. Rad1 b6 20. Rxd8+ Rxd8 21. Rd1 Rxd1 22. Qxd1 Qf5 23. Nd5 Kg7 24. Qe2 Qc8 25. Bd4 Kh6 26. h3 Bg3 27. hxg4 hxg4 28. Nf6 Bxf4 29. Qxg4 Qxg4 30. Nxg4+ Kg5 31. Ne3 Bg3 32. Nxc4 Kf4 33. Nd6 f5 34. exf6 Kg5 35. Ne4+ 1-0

[Event "Oberliga Nord O 0304"]
[Site "Germany"]
[Date "2004.03.28"]
[Round "8.6"]
[White "Piersig, Hans Juergen"]
[Black "Sydow, Hardy"]
[Result "0-1"]
[WhiteElo "2172"]
[BlackElo "2164"]
[PlyCount "70"]
[EventDate "2003.10.12"]
[EventType "team-tourn"]
[EventRounds "9"]
[EventCountry "GER"]
[SourceTitle "EXT 2005"]
[Source "ChessBase"]
[SourceDate "2004.11.15"]
[SourceVersion "1"]
[SourceVersionDate "2004.11.15"]
[SourceQuality "1"]
[WhiteTeam "Potsdam Empor"]
[BlackTeam "Schwedt"]
[WhiteTeamCountry "GER"]
[BlackTeamCountry "GER"]

1. e4 e5 2. Nf3 Nc6 3. Bb5 a6 4. Ba4 Nf6 5. 0-0 b5 6. Bb3 Be7 7. Re1 0-0 8. c3 d5 9. exd5 Nxd5 10. Nxe5 Nxe5 11. Rxe5 c6 12. d4 Bd6 13. Re1 Qh4 14. g3 Qh3 15. Be3 Bg4 16. Qd3 f5 17. f4 Kh8 18. Bxd5 cxd5 19. Qf1 Qh5 20. Nd2 g5 21. a4 Rae8 22. axb5 axb5 23. Ra6 gxf4 24. Bxf4 Rxe1 25. Qxe1 Bxf4 26. gxf4 Be2 27. Nf1 Re8 28. Ng3 Qg4 29. Qb1 b4 30. Rf6 Re3 31. Qe1 Rf3 32. Kg2 Re3 33. Kg1 Rd3 34. Kg2 Qf3+ 35. Kh3 Bf1+ 0-1

[Event "Oberliga Nord O 0304"]
[Site "Germany"]
[Date "2004.03.07"]
[Round "7.7"]
[White "Escher, Clemens"]
[Black "Sydow, Hardy"]
[Result "1-0"]
[WhiteElo "2147"]
[BlackElo "2164"]
[PlyCount "77"]
[EventDate "2003.10.12"]
[EventType "team-tourn"]
[EventRounds "9"]
[EventCountry "GER"]
[SourceTitle "EXT 2005"]
[Source "ChessBase"]
[SourceDate "2004.11.15"]
[SourceVersion "1"]
[SourceVersionDate "2004.11.15"]
[SourceQuality "1"]
[WhiteTeam "Neukoelln II"]
[BlackTeam "Schwedt"]
[WhiteTeamCountry "GER"]
[BlackTeamCountry "GER"]

1. d4 Nf6 2. Nf3 g6 3. Nc3 d5 4. Bf4 Bg7 5. e3 0-0 6. Be2 b6 7. Ne5 Bb7 8. h4 Nfd7 9. Ng4 h5 10. Ne5 Nxe5 11. Bxe5 f5 12. Bxg7 Kxg7 13. Bxh5 gxh5 14. Qxh5 Qe8 15. Qg5+ Kh7 16. 0-0-0 Qf7 17. Qf4 e6 18. Ne2 Rg8 19. Ng1 Rg4 20. Qh2 Rg7 21. Nf3 Qf6 22. Ng5+ Kh8 23. g4 Nc6 24. f4 Ne7 25. h5 c5 26. Qe2 Rc8 27. h6 Rg6 28. gxf5 Qxf5 29. Nf3 Qf6 30. Ne5 Rg3 31. Ng4 Qf5 32. Ne5 cxd4 33. Rh5 Qh7 34. exd4 Nf5 35. Nf3 Ne3 36. Rd2 Ba6 37. Qf2 Rg2 38. Qxe3 Rxc2+ 39. Kd1 1-0

[Event "Oberliga Nord O 0304"]
[Site "Germany"]
[Date "2003.10.12"]
[Round "1.7"]
[White "Kunze, Kerstin"]
[Black "Sydow, Hardy"]
[Result "1/2-1/2"]
[WhiteElo "2173"]
[BlackElo "2164"]
[PlyCount "28"]
[EventDate "2003.10.12"]
[EventType "team-tourn"]
[EventRounds "9"]
[EventCountry "GER"]
[SourceTitle "EXT 2005"]
[Source "ChessBase"]
[SourceDate "2004.11.15"]
[SourceVersion "1"]
[SourceVersionDate "2004.11.15"]
[SourceQuality "1"]
[WhiteTeam "Cottbus"]
[BlackTeam "Schwedt"]
[WhiteTeamCountry "GER"]
[BlackTeamCountry "GER"]

1. e4 e5 2. Nf3 Nc6 3. Bb5 a6 4. Ba4 Nf6 5. 0-0 b5 6. Bb3 Be7 7. d4 d6 8. dxe5 Nxe5 9. Nxe5 dxe5 10. Nc3 Bb7 11. Qe2 c6 12. Rd1 Qc7 13. a4 0-0 14. axb5 axb5 1/2-1/2

[Event "Oberliga Nord O 0203"]
[Site "Germany"]
[Date "2003.03.30"]
[Round "9.5"]
[White "Rohde, Wolfgang"]
[Black "Sydow, Hardy"]
[Result "1/2-1/2"]
[WhiteElo "2242"]
[BlackElo "2180"]
[PlyCount "66"]
[EventDate "2002.10.20"]
[EventType "team"]
[EventRounds "9"]
[EventCountry "GER"]
[SourceTitle "EXT 2009"]
[Source "ChessBase"]
[SourceDate "2008.11.26"]
[SourceVersion "1"]
[SourceVersionDate "2008.11.26"]
[SourceQuality "1"]
[WhiteTeam "Lichtenberg"]
[BlackTeam "Schwedt "]
[WhiteTeamCountry "GER"]
[BlackTeamCountry "GER"]

1. c4 Nf6 2. Nc3 d5 3. cxd5 Nxd5 4. e4 Nxc3 5. dxc3 Qxd1+ 6. Kxd1 e5 7. Be3 Be6 8. Nf3 f6 9. Kc2 Nd7 10. Rd1 Be7 11. Be2 0-0 12. Nd2 a5 13. Bc4 Bxc4 14. Nxc4 Rfd8 15. a4 b6 16. f3 Nc5 17. Bxc5 Bxc5 18. Rxd8+ Rxd8 19. Rb1 Kf7 20. b4 axb4 21. cxb4 Bd4 22. Rd1 c6 23. Kb3 Ke7 24. Rd2 Rb8 25. Rc2 Kd7 26. b5 Rc8 27. Rd2 Kc7 28. bxc6 Kxc6 29. Rc2 Bc5 30. Ne3 b5 31. axb5+ Kxb5 32. Nd5 Rb8 33. Ra2 Bd4 1/2-1/2

[Event "Guben op"]
[Site "Guben"]
[Date "2003.??.??"]
[Round "5"]
[White "Orzech, Dominik"]
[Black "Sydow, Hardy"]
[Result "1-0"]
[WhiteElo "2340"]
[BlackElo "2145"]
[PlyCount "95"]
[EventDate "2003.??.??"]
[EventType "swiss"]
[EventRounds "7"]
[EventCountry "GER"]
[SourceTitle "EXT 2008"]
[Source "ChessBase"]
[SourceDate "2007.11.25"]
[SourceVersion "1"]
[SourceVersionDate "2007.11.25"]
[SourceQuality "1"]

1. d4 d5 2. c4 e6 3. Nc3 Nf6 4. Nf3 Be7 5. Bg5 0-0 6. e3 Nbd7 7. Qc2 c6 8. cxd5 exd5 9. Bd3 Re8 10. h3 Nf8 11. 0-0 Ng6 12. Bxf6 Bxf6 13. b4 Bd7 14. b5 Rc8 15. bxc6 Bxc6 16. Rfc1 a6 17. Qb3 Nh4 18. Nxh4 Bxh4 19. Be2 Qg5 20. Rf1 Rcd8 21. Bf3 Re6 22. Rac1 Red6 23. a4 Qe7 24. Rc2 Qd7 25. Bg4 f5 26. Bf3 Kh8 27. Ra1 Bf6 28. Ne2 g6 29. Rc5 Bg7 30. h4 Bf6 31. g3 Bg7 32. Nf4 Bf6 33. Nd3 Qe6 34. Rac1 Kg7 35. Nb4 f4 36. gxf4 Bxh4 37. Nxc6 bxc6 38. Rxc6 g5 39. Rxd6 Qxd6 40. Qb7+ Kh6 41. fxg5+ Bxg5 42. Kg2 Kg6 43. Rc7 Bh6 44. Qb1+ Kg5 45. Qxh7 Rf8 46. Re7 Qg6 47. Re5+ Kf6+ 48. Qxg6+ 1-0

[Event "Guben op"]
[Site "Guben"]
[Date "2003.??.??"]
[Round "2"]
[White "Sydow, Hardy"]
[Black "Butunoi, Alexandru Victor"]
[Result "0-1"]
[WhiteElo "2145"]
[BlackElo "2372"]
[PlyCount "54"]
[EventDate "2003.??.??"]
[EventType "swiss"]
[EventRounds "7"]
[EventCountry "GER"]
[SourceTitle "EXT 2008"]
[Source "ChessBase"]
[SourceDate "2007.11.25"]
[SourceVersion "1"]
[SourceVersionDate "2007.11.25"]
[SourceQuality "1"]

1. e4 c5 2. c3 Nf6 3. e5 Nd5 4. d4 e6 5. Nf3 cxd4 6. cxd4 Nc6 7. Nc3 Nxc3 8. bxc3 d6 9. exd6 Bxd6 10. Bd3 0-0 11. 0-0 h6 12. Qe2 Re8 13. Ne5 Bxe5 14. dxe5 Nxe5 15. Qxe5 Qxd3 16. Be3 f6 17. Qg3 e5 18. Rfd1 Qh7 19. Rd6 Be6 20. Rad1 b6 21. f4 exf4 22. Bxf4 Rac8 23. h3 Kh8 24. a3 Qf5 25. R6d4 Rc4 26. Rxc4 Bxc4 27. Qh4 Re4 0-1

[Event "Oberliga Nord O 0203"]
[Site "Germany"]
[Date "2002.11.17"]
[Round "2.4"]
[White "Syre, Christian"]
[Black "Sydow, Hardy"]
[Result "1-0"]
[WhiteElo "2250"]
[BlackElo "2180"]
[PlyCount "97"]
[EventDate "2002.10.20"]
[EventType "team"]
[EventRounds "9"]
[EventCountry "GER"]
[SourceTitle "EXT 2009"]
[Source "ChessBase"]
[SourceDate "2008.11.26"]
[SourceVersion "1"]
[SourceVersionDate "2008.11.26"]
[SourceQuality "1"]
[WhiteTeam "Oberschoeneweide"]
[BlackTeam "Schwedt "]
[WhiteTeamCountry "GER"]
[BlackTeamCountry "GER"]

1. d4 Nf6 2. Nf3 g6 3. c4 Bg7 4. Nc3 d5 5. cxd5 Nxd5 6. e4 Nxc3 7. bxc3 c5 8. Be3 Nc6 9. Rc1 cxd4 10. cxd4 Bg4 11. d5 Ne5 12. Bb5+ Nd7 13. 0-0 a6 14. Be2 0-0 15. Nd4 Bxe2 16. Qxe2 Bxd4 17. Bxd4 Rc8 18. Rc2 Qa5 19. Rfc1 Qxa2 20. h3 Rxc2 21. Rxc2 Qa5 22. Qe3 f6 23. Qc1 Ne5 24. Qe3 b5 25. Bb6 Qa4 26. Rc7 Qa1+ 27. Kh2 Nc4 28. Qd4 Qxd4 29. Bxd4 Re8 30. Bc5 Nd6 31. f3 g5 32. Ra7 a5 33. Rxa5 Rc8 34. Bxd6 exd6 35. Rxb5 Kf7 36. Rb7+ Kg6 37. Rd7 h5 38. Rxd6 Kf7 39. Rd7+ Kg6 40. Rd6 Kf7 41. Rd7+ Kg6 42. Kg3 Ra8 43. h4 gxh4+ 44. Kxh4 Rb8 45. Rd6 Kf7 46. g3 Rb3 47. f4 Re3 48. Re6 Rd3 49. e5 1-0

[Event "Oberliga Nord O 0102"]
[Site "Germany"]
[Date "2002.03.17"]
[Round "7.5"]
[White "Held, Peter"]
[Black "Sydow, Hardy"]
[Result "1-0"]
[WhiteElo "2155"]
[BlackElo "2150"]
[PlyCount "35"]
[EventDate "2001.10.07"]
[EventType "team"]
[EventRounds "9"]
[EventCountry "GER"]
[SourceTitle "EXT 2002"]
[Source "ChessBase"]
[SourceDate "2001.11.25"]
[SourceVersion "1"]
[SourceVersionDate "2001.11.25"]
[SourceQuality "1"]
[WhiteTeam "Neukoelln II"]
[BlackTeam "Schwedt"]
[WhiteTeamCountry "GER"]
[BlackTeamCountry "GER"]

1. d4 Nf6 2. Nf3 g6 3. Nc3 d5 4. Bf4 a6 5. e3 Bg7 6. Be2 Nbd7 7. Ne5 0-0 8. h4 e6 9. h5 Nxe5 10. Bxe5 b5 11. Bd3 Nxh5 12. g4 Nf6 13. Qf3 Re8 14. g5 Nd7 15. Bxg7 Kxg7 16. Rxh7+ Kxh7 17. Qxf7+ Kh8 18. 0-0-0 1-0

[Event "Oberliga Nord O 0001"]
[Site "Germany"]
[Date "2001.??.??"]
[Round "?"]
[White "Sydow, Hardy"]
[Black "Mihok, Laszlo"]
[Result "0-1"]
[WhiteElo "2152"]
[BlackElo "2205"]
[PlyCount "92"]
[EventDate "2000.10.??"]
[EventType "team"]
[EventRounds "9"]
[EventCountry "GER"]
[SourceTitle "EXT 2004"]
[Source "ChessBase"]
[SourceDate "2003.11.25"]
[SourceVersion "1"]
[SourceVersionDate "2003.11.25"]
[SourceQuality "1"]

1. e4 e5 2. Nf3 Nf6 3. Nc3 Bb4 4. Bc4 0-0 5. d3 d5 6. exd5 Nxd5 7. Bd2 Bxc3 8. bxc3 Nc6 9. h3 Qd6 10. 0-0 Bf5 11. Re1 a6 12. a4 Rae8 13. Bc1 Na5 14. Bxd5 Qxd5 15. c4 Qd6 16. Qd2 b6 17. c5 Qf6 18. Bb2 Nc6 19. cxb6 Re6 20. bxc7 Bxh3 21. Ng5 Bxg2 22. Nxe6 fxe6 23. c8Q Bf3 24. Qxf8+ Kxf8 25. Bxe5 Nxe5 26. Qb4+ Kf7 27. Rxe5 Qxe5 28. Rb1 Qg5+ 29. Kf1 h5 30. Qb8 h4 31. Ke1 h3 32. Qc7+ Kg6 33. Qh2 Qg2 34. Qxg2+ Bxg2 35. Kd2 h2 36. Kc3 h1Q 37. Rxh1 Bxh1 38. Kb4 Kf6 39. Kc5 Bf3 40. a5 Bd1 41. c4 Be2 42. Kd4 e5+ 43. Ke3 Bf1 44. c5 Ke6 45. d4 exd4+ 46. Kxd4 Bg2 0-1